000 01068nam a2200253Ia 4500
001 21659
005 20260417115528.0
008 260320s9999||||xx |||||||||||||| ||und||
020 _a9788425443824
041 _aESP
082 _a616.8914
_bR75
100 _aRodríguez Morejón, Alberto,
_eAUT
245 0 _aManual de psicoterapias :
_bteoría y técnicas
260 _aBarcelona :
_bHerder,
_c2019
300 _a622 páginas :
_bilustraciones ;
_c25 cm.
440 _a(Biblioteca de psicología)
650 _aTCA
653 _aPsicoterapia
654 _aCCS
856 _uhttps://0u23fwvlh-y-https-www-clinicalkey-com.itmsp.museknowledge.com/student/login
_zVéase además: Base de datos ClinicalKey
856 _uhttps://0u20vwvic-y-https-ebookcentral-proquest-com.itmsp.museknowledge.com/lib/catolicasp/home.action
_zVéase además: Base de datos ProQuest Ebook Central
856 _uhttps://0u216wvfk-y-https-accessmedicina-mhmedical-com.itmsp.museknowledge.com/
_zVéase además: Base de datos McGraw Hill Access Medicina
942 _cLIB
_dJUS
_fMAT
_2ddc
999 _c21659
_d21659